Catalog

Record Details

Catalog Search



O Bibli : vznik, dobové pozadí a výklad /  Tomáš Novotný Cover Image Book Book

O Bibli : vznik, dobové pozadí a výklad /  Tomáš Novotný

Novotný, Tomáš (Author).

Record details

  • ISBN: 80-902528-3-4
  • Physical Description: 56 s.
  • Publisher: Praha :  Dingir ,  2001

Available copies

  • 3 of 3 copies available at Common Catalog SPOK.

Holds

  • 0 current holds with 3 total copies.
Show Only Available Copies
Location Call Number / Copy Notes Barcode Shelving Location Status Due Date
ETS Library 220.61 424470002684 Volný výběr Available -
ETS Library 220.61 424470012178 Volný výběr Available -
ETS Library 220.61 424470019093 Volný výběr Available -

LDR 00776nam a2 00265
00135969
003CZ-PrJAB
00520201023095014.0
008020211s2001 xr e |||| |cze
009cz
020 . ‡a80-902528-3-4
035 . ‡a(CONS)6575
035 . ‡aKPS10732
040 . ‡aABG450
041 . ‡acze
08214. ‡a220.61
100 . ‡7271 ‡aNovotný, Tomáš
245 . ‡aO Bibli : ‡bvznik, dobové pozadí a výklad /  ‡nTomáš Novotný
260 . ‡aPraha :  ‡bDingir ,  ‡c2001
300 . ‡a56 s.
653 . ‡aO Bibli ‡avzmik, dobové pozadí a výklad
8524 . ‡bETS ‡bETS ‡cVolný výběr ‡j220.61 ‡gA ‡p424470012178
8524 . ‡bETS ‡bETS ‡cVolný výběr ‡j220.61 ‡gA ‡p424470012177
8524 . ‡bETS ‡bETS ‡cVolný výběr ‡j220.61 ‡gA ‡p424470002684
910 . ‡aABG450
999 . ‡a6575 ‡bAUTOGEN ‡c6575 ‡tbiblio
905 . ‡uadmin
901 . ‡a35969 ‡bCZ-PrJAB ‡c35969 ‡tbiblio ‡sets

Additional Resources